[Event "?"]
[Site "Cvitanovic Memorial"]
[Date "2003.??.??"]
[Round "?"]
[White "Ljubicic, Filip"]
[Black "Horvath, Csaba"]
[Result "1/2-1/2"]
[WhiteElo "2405"]
[BlackElo "2510"]

1. e4 c5 2. Nf3 e6 3. d4 cxd4 4. Nxd4 a6 5. Bd3 Bc5 6. Nb3 Be7 7. Be3 d6 8.
Nc3 Nf6 9. g4 h5 10. gxh5 Nxh5 11. Qe2 b5 12. O-O-O Nc6 13. f4 Bd7 14. Qf2
Qc7 15. Rhe1 Rc8 16. Kb1 Nb4 17. Rc1 Qb8 18. Bd4 Nxd3 19. cxd3 b4 20. Ne2
Rxc1+ 21. Nexc1 Kf8 22. e5 Rh7 23. Nd2 d5 24. Bc5 Bxc5 25. Qxc5+ Kg8 26.
Qe7 Bb5 27. Qxb4 Qa7 28. Rf1 Rh6 29. a4 Bc6 30. Nf3 a5 31. Qd6 Qd7 32. b3
Rg6 33. Ne2 Rg2 34. Nfd4 Bxa4 35. bxa4 Qxa4 36. Qb8+ Kh7 37. Qb2 Rxh2 38.
Nf3 Rg2 1/2-1/2

[Event "?"]
[Site "Apeldoorn Open rapid"]
[Date "2001.??.??"]
[Round "?"]
[White "Van Delft, Merijn"]
[Black "Epishin, Vladimir V"]
[Result "0-1"]
[WhiteElo "2340"]
[BlackElo "2575"]

1. e4 c5 2. Nf3 e6 3. d4 cxd4 4. Nxd4 a6 5. Bd3 Bc5 6. Nb3 Be7 7. Qg4 g6 8.
c4 Nf6 9. Qe2 O-O 10. O-O Nc6 11. Nc3 d6 12. Bh6 Re8 13. Rac1 b6 14. Rfd1
Bb7 15. Bb1 Rc8 16. Bf4 Bf8 17. Rd2 Nh5 18. Be3 Ne5 19. c5 bxc5 20. Nxc5
Ba8 21. Rcd1 Qh4 22. g3 Qh3 23. Nxa6 d5 24. Bd4 Nf4 25. Bxe5 Qg2# 0-1

[Event "?"]
[Site "9th Ivan Cvitanovic Mem"]
[Date "2004.??.??"]
[Round "4"]
[White "Rade, Miroslav"]
[Black "Horvath, Csaba"]
[Result "1/2-1/2"]
[WhiteElo "2400"]
[BlackElo "2515"]

1. e4 c5 2. Nf3 e6 3. d4 cxd4 4. Nxd4 a6 5. Bd3 Bc5 6. Nb3 Be7 7. O-O d6 8.
Nc3 Nd7 9. f4 Ngf6 10. Qe2 e5 11. Kh1 O-O 12. a4 exf4 13. Bxf4 Ne5 14. a5
Bg4 15. Qf2 Rc8 16. Nd4 Nh5 1/2-1/2

[Event "?"]
[Site "Genes (7eme open)"]
[Date "2003.??.??"]
[Round "?"]
[White "Di Paolo, Raffaele"]
[Black "Milov, Vadim"]
[Result "0-1"]
[WhiteElo "2320"]
[BlackElo "2595"]

1. e4 c5 2. Nf3 e6 3. d4 cxd4 4. Nxd4 a6 5. Bd3 Bc5 6. Nb3 Be7 7. O-O d6 8.
Be3 Nf6 9. a4 b6 10. Nc3 Nbd7 11. f4 Bb7 12. Kh1 Qc7 13. Qf3 h5 14. Qg3 h4
15. Qh3 g6 16. Rae1 Nh5 17. e5 dxe5 18. fxe5 Nxe5 19. Bd4 Nxd3 20. cxd3 O-O
21. Qe3 Kh7 22. Bxb6 Qc6 23. Ne4 Qxa4 24. Nbc5 Qc6 25. Nxb7 Qxb7 26. Bd4
Rad8 27. Bc3 Rd5 28. Bd2 Kg8 29. Qh6 h3 30. g4 Ng7 31. Bc3 e5 32. Rf3 f5
33. gxf5 Rxf5 34. Rxf5 gxf5 35. Rg1 Bd8 36. Qg6 Qf7 37. Nf2 Bf6 38. Qxf5
Bh4 39. Qxf7+ Kxf7 40. Nxh3 Nf5 41. Ng5+ Bxg5 42. Rxg5 Kf6 43. Rg8 Ne3 44.
Rf8+ Kg5 45. Kg1 Rxd3 46. Kf2 Ng4+ 47. Ke2 Re3+ 48. Kd1 Re4 49. Bd2+ Kg6
50. h3 Nf6 51. Ra8 Ra4 52. Bc3 Kf5 53. Rf8 Rh4 54. Ra8 Rxh3 55. Rxa6 Nd5
56. Ra5 Ke4 57. Kc2 Rh8 58. Ra4+ Kf5 59. Ra5 Rd8 60. b4 e4 61. Bd2 Ke5 62.
b5 e3 63. Be1 Kd4 64. Ra1 Rc8+ 65. Kd1 Kd3 66. Ra3+ Ke4 67. Rb3 Ra8 68. b6
Ra1+ 69. Ke2 Nf4+ 70. Kf1 Nd3 71. b7 Rxe1+ 72. Kg2 Nf4+ 73. Kh2 e2 74. Rb4+
Kd5 75. b8=Q Rh1+ 76. Kg3 e1=Q+ 77. Kxf4 Rh4+ 78. Kg5 Qe7+ 79. Kf5 Qf7+ 80.
Kg5 Rh5+ 0-1

[Event "?"]
[Site "Botvinnik mem-A"]
[Date "2002.??.??"]
[Round "?"]
[White "Bykhovsky, Anatoly A"]
[Black "Razuvaev, Yuri S"]
[Result "1/2-1/2"]
[WhiteElo "2375"]
[BlackElo "2540"]

1. e4 c5 2. Nf3 e6 3. d4 cxd4 4. Nxd4 a6 5. Bd3 Bc5 6. Nb3 Be7 7. O-O d6 8.
c4 Nd7 9. Nc3 Ngf6 10. Bf4 b6 11. Qe2 O-O 12. Rfd1 Qc7 13. Rac1 Bb7 14. Nd2
Rac8 15. Nf3 Ng4 16. Nd2 Nge5 17. Be3 Nxd3 18. Qxd3 Rfd8 19. Bd4 Bf6 20.
Bxf6 Nxf6 21. Qd4 Bc6 22. f3 Be8 23. Qe3 h6 24. Qd4 Qb8 25. Nb3 b5 26. cxb5
axb5 27. Ne2 d5 28. Rxc8 Rxc8 29. exd5 Nxd5 30. Rc1 Rxc1+ 31. Nexc1 f6 32.
Nd3 Bf7 33. Qc5 e5 34. Na5 Kh7 1/2-1/2

[Event "?"]
[Site "EST Ch int Puhajarve"]
[Date "2001.??.??"]
[Round "?"]
[White "Lauk, Ular"]
[Black "Kengis, Edvins"]
[Result "1/2-1/2"]
[WhiteElo "2345"]
[BlackElo "2570"]

1. e4 c5 2. Nf3 e6 3. d4 cxd4 4. Nxd4 a6 5. Bd3 Bc5 6. Nb3 Be7 7. Nc3 d6 8.
Be3 Nf6 9. f4 Qc7 10. g4 h6 11. Qf3 b5 12. h4 h5 13. g5 Ng4 14. Bd4 b4 15.
Ne2 e5 16. Bg1 Nd7 17. f5 a5 18. Ng3 g6 19. f6 Bd8 20. Nd2 O-O 21. Nc4 Nc5
22. Be2 Be6 23. O-O-O a4 24. Kb1 b3 25. cxb3 axb3 26. a3 Na4 27. Rc1 Qb8
28. Be3 Nb6 29. Rhd1 Bc7 30. Bg1 Na4 31. Bd3 Rd8 32. Ne2 Qb7 33. Nc3 Nxc3+
34. Rxc3 d5 35. Nd2 d4 36. Rcc1 Bd6 37. Bc4 Bxc4 38. Nxc4 Bf8 39. Rd3 Rdb8
40. Nd2 Bxa3 41. Rxb3 Bb4 42. Rc4 Qa6 43. Rcxb4 Rxb4 44. Rxb4 d3 45. Nb3
Qa2+ 46. Kc1 Rc8+ 47. Bc5 Rd8 48. Be7 Rc8+ 49. Bc5 Rd8 50. Be7 Rc8+ 1/2-1/2

[Event "?"]
[Site "BL2-Sued"]
[Date "2000.??.??"]
[Round "?"]
[White "Tompa, Janos"]
[Black "Kekelidze, Mikheil"]
[Result "1/2-1/2"]
[WhiteElo "2405"]
[BlackElo "2510"]

1. e4 c5 2. Nf3 e6 3. d4 cxd4 4. Nxd4 a6 5. Bd3 Bc5 6. Nb3 Bb6 7. Qe2 Nc6
8. Be3 Nge7 9. Nc3 O-O 10. O-O d6 11. Bxb6 Qxb6 12. Kh1 e5 13. Rad1 Be6 14.
Nd5 Bxd5 15. exd5 Nb4 16. Bc4 Qc7 17. a3 b5 18. axb4 bxc4 19. Na5 c3 20.
Rd3 cxb2 21. c4 Rab8 22. Rb3 Qxa5 23. bxa5 Rxb3 24. Rb1 Rfb8 25. g3 h6 26.
Kg2 1/2-1/2

[Event "?"]
[Site "Ch Haninge SWE"]
[Date "1997.??.??"]
[Round "?"]
[White "Astrom, Robert"]
[Black "Agrest, Evgenij"]
[Result "1-0"]
[WhiteElo "2450"]
[BlackElo "2460"]

1. e4 c5 2. Nf3 e6 3. d4 cxd4 4. Nxd4 a6 5. Bd3 Bc5 6. Nb3 Be7 7. Qg4 g6 8.
Nc3 d6 9. f4 Nd7 10. Qh3 b5 11. f5 Ne5 12. fxg6 Nxg6 13. O-O b4 14. Ne2 e5
15. Qf3 Be6 16. a3 Nf6 17. axb4 Rg8 18. Ng3 Nh4 19. Qe2 h5 20. Rxa6 Rxa6
21. Bxa6 Nxg2 22. Bb5+ Bd7 23. Kh1 Nh4 24. c3 Rg6 25. Na5 Kf8 26. Bxd7 Qxd7
27. Nf5 Nxf5 28. exf5 Rg8 29. Bh6+ Ke8 30. Qa6 Bd8 31. Qa8 Qa4 32. Qc6+
Qxc6+ 33. Nxc6 Bb6 34. h3 Ne4 35. Kh2 Ng3 36. Rf3 h4 37. c4 Kd7 38. b5 e4
39. Ra3 Nxf5 40. Bf4 1-0

[Event "?"]
[Site "Elekes Memorial"]
[Date "2002.??.??"]
[Round "?"]
[White "Rajlich, Vasik G"]
[Black "Horvath, Csaba"]
[Result "0-1"]
[WhiteElo "2375"]
[BlackElo "2535"]

1. e4 c5 2. Nf3 e6 3. d4 cxd4 4. Nxd4 a6 5. Bd3 Bc5 6. Nb3 Be7 7. c4 d6 8.
Nc3 Nf6 9. O-O b6 10. Be3 Bb7 11. f4 Qc7 12. Qf3 Nbd7 13. Qh3 h5 14. f5 Ne5
15. Rad1 Nfg4 16. fxe6 fxe6 17. Nd4 Nxd3 18. Nxe6 Qxc4 19. Nxg7+ Kd7 20.
Nxh5 Rag8 21. Bxb6 Nxb2 22. Rd4 Qe6 23. Ne2 Bg5 24. Qc3 Be3+ 25. Kh1 Rc8
26. Qxb2 Rxh5 27. Rxd6+ Qxd6 28. Qg7+ Kc6 29. Rc1+ Bxc1 30. Nd4+ Kxb6 31.
Nf3 Qd1+ 0-1

[Event "?"]
[Site "SWE Team Ch"]
[Date "1998.??.??"]
[Round "?"]
[White "Winsnes, Rikard"]
[Black "Agrest, Evgenij"]
[Result "1/2-1/2"]
[WhiteElo "2385"]
[BlackElo "2525"]

1. e4 c5 2. Nf3 e6 3. d4 cxd4 4. Nxd4 a6 5. Bd3 Bc5 6. Nb3 Be7 7. Nc3 d6 8.
f4 Nd7 9. Qf3 Qc7 10. Be3 h5 11. O-O-O Ngf6 12. h3 h4 13. g4 hxg3 14. Qxg3
Nh5 15. Qf2 b5 16. f5 b4 17. fxe6 fxe6 18. Ne2 Ne5 19. Kb1 Rf8 20. Qg2 Bd7
21. Bd4 g5 22. h4 Nf4 23. Nxf4 gxf4 24. Bxe5 dxe5 25. Qg6+ Kd8 26. h5 Bf6
27. h6 Ke7 28. h7 Rf7 29. Rh6 Rh8 30. Bxa6 Be8 31. Qg8 Rf8 32. Qg4 Rf7 33.
Qg8 Rf8 34. Qg4 Rf7 35. Qg8 1/2-1/2

[Event "?"]
[Site "Open Zalakaros"]
[Date "1991.??.??"]
[Round "?"]
[White "Madl, Ildiko"]
[Black "Loginov, Valery A"]
[Result "1/2-1/2"]
[WhiteElo "2380"]
[BlackElo "2530"]

1. e4 c5 2. Nf3 e6 3. d4 cxd4 4. Nxd4 a6 5. Bd3 Bc5 6. Nb3 Be7 7. O-O d6 8.
a4 Nf6 9. a5 b5 10. axb6 Qxb6 11. Nc3 Nc6 12. Qe2 Nb4 13. Bb5+ Bd7 14.
Bxd7+ Nxd7 15. Be3 Qb8 16. Ra5 O-O 17. Na2 Nxa2 18. Rxa2 Qb7 19. Bd4 Bf6
20. Bxf6 Nxf6 21. Rfa1 Nxe4 22. Na5 Qd5 23. c4 Qf5 24. Nc6 Rfe8 25. Rxa6
Rxa6 26. Rxa6 h6 27. h3 Qf4 28. b4 Qc1+ 29. Qf1 Qc2 30. Ra1 Nd2 31. Rc1 Qe4
32. Qd1 Nxc4 33. Qa4 Qf4 34. Ra1 d5 35. b5 Qd6 36. Qa7 e5 37. Qb7 e4 38.
Ra7 Qf4 39. Ne7+ Rxe7 40. Qxe7 Qc1+ 41. Kh2 Qf4+ 42. Kg1 1/2-1/2

[Event "?"]
[Site "TCh-HUN"]
[Date "2006.??.??"]
[Round "8"]
[White "Rigo, Zsolt"]
[Black "Horvath, Csaba"]
[Result "1/2-1/2"]
[WhiteElo "2365"]
[BlackElo "2545"]

1. e4 c5 2. Nf3 e6 3. d4 cxd4 4. Nxd4 a6 5. Bd3 Bc5 6. Nb3 Be7 7. Qe2 d6 8.
Be3 Nc6 9. N1d2 Nf6 10. f4 Qc7 11. g4 Nd7 12. O-O-O b5 13. Kb1 Bb7 14. c3
b4 15. Rc1 Qd8 16. Nd4 bxc3 17. Nxc6 Bxc6 18. Rxc3 Nc5 19. Bxc5 dxc5 20.
Rhc1 O-O 21. Nb3 Bb5 22. Bxb5 axb5 23. Qxb5 Qc7 24. e5 Rfb8 25. Qd3 Qa7 26.
a3 Qa4 27. Qf3 Qb5 28. R1c2 c4 29. Rxc4 Bxa3 30. bxa3 Qxb3+ 31. Qxb3 Rxb3+
32. Kc1 h5 33. Rc8+ Rxc8 34. Rxc8+ Kh7 35. gxh5 Rxa3 36. Rc7 Kg8 37. Rc8+
Kh7 38. Rc7 Kg8 39. Rc8+ Kh7 40. Rc7 Kg8 41. Rc8+ Kh7 1/2-1/2

[Event "?"]
[Site "TCh-HUN"]
[Date "2006.??.??"]
[Round "8"]
[White "Feher, Gyula"]
[Black "Sikula, Vaszilij"]
[Result "1/2-1/2"]
[WhiteElo "2420"]
[BlackElo "2490"]

1. e4 c5 2. Nf3 e6 3. d4 cxd4 4. Nxd4 a6 5. Bd3 Bc5 6. Nb3 Be7 7. O-O d6 8.
c4 Nf6 9. Nc3 b6 10. f4 Nbd7 11. Be3 Bb7 12. Qf3 Qc7 13. Rae1 O-O 14. Qh3
g6 15. Bb1 Qxc4 16. Rc1 Qc8 17. f5 Nc5 18. Nd2 a5 19. Bg5 Qd8 20. Qh4 Ncd7
21. Rf3 exf5 22. Rh3 f4 23. Rf1 Re8 24. Qxf4 Rc8 25. Nd5 Bxd5 26. exd5 Kh8
27. Qh4 Nh5 28. Qd4+ Ne5 29. Be3 Nf6 30. Nf3 Nfd7 31. Qf4 f5 32. Qh6 Nxf3+
33. Rfxf3 Nf8 34. Bxf5 gxf5 35. Rxf5 Bh4 36. Bd4+ Re5 37. Rxe5 Qf6 38.
Qxf6+ Bxf6 39. Re4 Rc1+ 40. Kf2 Rc2+ 41. Kf3 Bxd4 42. Rxd4 Rxb2 43. a4 Ng6
44. Rg3 Kg7 45. Ke4 Kf6 46. h3 h5 47. Rf3+ Kg7 48. g3 Ne5 49. Rc3 Kf6 50.
Ke3 Rg2 51. Rf4+ Kg5 52. Rc8 Rxg3+ 53. Ke4 Rxh3 54. Rg8+ Kh6 55. Rd8 Ng6
56. Rxd6 Kg7 57. Rf3 Rh4+ 58. Kf5 Ne7+ 59. Ke6 Ng6 60. Rg3 Kh7 61. Rxb6
Rxa4 62. d6 h4 63. Re3 Rd4 64. Rb5 a4 65. Rb7+ Kh6 66. d7 Nf8+ 67. Ke7
Rxd7+ 68. Rxd7 Nxd7 69. Kxd7 Kg5 70. Ke6 Kg4 71. Ke5 h3 72. Ra3 h2 73.
Rxa4+ Kg3 74. Ra1 Kg2 75. Ra2+ Kg1 76. Ra1+ Kg2 1/2-1/2

[Event "?"]
[Site "NAO GMI (tournoi)"]
[Date "2003.??.??"]
[Round "?"]
[White "Bellaiche, Anthony"]
[Black "Chabanon, Jean-Luc"]
[Result "1-0"]
[WhiteElo "2420"]
[BlackElo "2490"]

1. e4 c5 2. Nf3 e6 3. d4 cxd4 4. Nxd4 a6 5. Bd3 Bc5 6. Nb3 Be7 7. O-O d6 8.
Qg4 g6 9. Qe2 Nd7 10. a4 Bf6 11. a5 Ne7 12. Nc3 O-O 13. Bf4 Ne5 14. Na4 Bd7
15. Nb6 Rb8 16. c3 Bc6 17. Rfd1 Qc7 18. Nc4 Nxc4 19. Bxc4 e5 20. Bh6 Bg7
21. Bg5 h6 22. Bxe7 Qxe7 23. Nc1 Kh7 24. Na2 f5 25. exf5 gxf5 26. Nb4 Be8
27. Rd2 e4 28. f4 Rd8 29. Nd5 Qd7 30. Ne3 Bg6 31. Qd1 Qc7 32. Qb3 Qc5 33.
Kf2 Qc7 34. g3 d5 35. Rxd5 Rxd5 36. Bxd5 Rd8 37. Ra4 Bf8 38. Rc4 Qxa5 39.
Qxb7+ Kh8 40. Rc8 Bc5 41. b4 1-0

[Event "?"]
[Site "SCG First League m, Vrnjacka B"]
[Date "2005.??.??"]
[Round "4"]
[White "Popovic, Dusan"]
[Black "Tosic, Miroslav"]
[Result "1/2-1/2"]
[WhiteElo "2480"]
[BlackElo "2425"]

1. e4 c5 2. Nf3 e6 3. d4 cxd4 4. Nxd4 a6 5. Bd3 Bc5 6. Nb3 Be7 7. Qg4 g6 8.
Qe2 d6 9. O-O Nc6 10. Na3 Ne5 11. Nc4 Nxc4 12. Bxc4 Qc7 13. a4 Bd7 14. Bf4
Rc8 15. Nd2 e5 16. Be3 Nf6 17. Bb3 O-O 18. Nc4 Be6 19. Nb6 Rcd8 20. a5 Bxb3
21. cxb3 d5 22. Rac1 Qd6 23. exd5 Nxd5 24. Nxd5 Qxd5 25. Bb6 Rc8 26. Rc4
Rc6 27. Rxc6 Qxc6 28. Qxe5 1/2-1/2

[Event "?"]
[Site "Pyramiden Franken Cup 5th"]
[Date "2002.??.??"]
[Round "?"]
[White "Zwanzger, Johannes"]
[Black "Landa, Konstantin"]
[Result "0-1"]
[WhiteElo "2285"]
[BlackElo "2620"]

1. e4 c5 2. Nf3 e6 3. d4 cxd4 4. Nxd4 a6 5. Bd3 Bc5 6. Nb3 Be7 7. O-O d6 8.
Qe2 Nf6 9. c4 Nc6 10. Nc3 O-O 11. Be3 Ne5 12. f4 Nxd3 13. Qxd3 Ng4 14. Kh1
Nxe3 15. Qxe3 Qc7 16. Rac1 Bd7 17. Nd4 Bf6 18. Qd3 Rac8 19. b3 Qc5 20. Nf3
Bc6 21. Rfd1 Rfd8 22. h3 Qh5 23. Kh2 Qg6 24. f5 Qh6 25. fxe6 fxe6 26. Ne2
a5 27. Ng3 Qg6 28. Qe3 h5 29. Qf4 Be7 30. Re1 Rf8 31. Qe3 Rf7 32. Rc2 Rcf8
33. Ree2 h4 34. Nh1 Rf4 35. Nd2 Bg5 36. Qd4 e5 37. Qd3 R4f7 38. Kg1 Bxd2
39. Rcxd2 Rf1+ 40. Kh2 R8f4 41. Nf2 Qg5 42. Qe3 Be8 43. Rxd6 Bh5 44. Ng4
Ra1 45. Rf2 Rxg4 46. Qxg5 Rxg5 47. Rd8+ Kh7 48. Rb8 Rg3 49. Rxb7 Re3 50.
Rc2 Ree1 51. g4 Bg6 0-1

[Event "?"]
[Site "3rd Dato Arthur Tan, Kuala Lumpur MAS"]
[Date "2006.??.??"]
[Round "5"]
[White "Mok Tze-Meng"]
[Black "Yu Shaoteng"]
[Result "0-1"]
[WhiteElo "2365"]
[BlackElo "2540"]

1. e4 e6 2. Nf3 c5 3. d4 cxd4 4. Nxd4 a6 5. Bd3 Bc5 6. Nb3 Be7 7. O-O d6 8.
Nc3 Nf6 9. f4 Qc7 10. a4 b6 11. e5 dxe5 12. fxe5 Nfd7 13. Bf4 Nc6 14. Qe2
Ncxe5 15. Rae1 Bf6 16. Ne4 Bb7 17. Nxf6+ gxf6 18. Bg3 Qc6 19. Rf4 f5 20.
Bxf5 exf5 21. Rc4 Qg6 22. Bxe5 O-O 23. Rc7 Nxe5 24. Rxb7 Rfe8 25. Rf1 Qc6
26. Rxf5 Qxb7 27. Rxe5 Rxe5 28. Qxe5 Qc6 29. Nd4 Qc5 30. Qg3+ Kh8 31. c3
Re8 32. h3 Qe5 33. Qg4 Qe3+ 34. Kh2 Qe5+ 35. Kg1 Qe4 36. Qd7 Rg8 37. g4 Qf4
38. Kg2 h5 39. Qd5 hxg4 40. Qh5+ Kg7 41. hxg4 Kf8 42. Kh3 Qg5 43. Qxg5 Rxg5
44. Kg3 Re5 45. Kf4 Re1 46. b3 Ke7 47. a5 bxa5 48. Nc6+ Kd6 49. Nxa5 Rc1
50. c4 Kc5 51. Ke5 Rb1 52. g5 Kb6 0-1

[Event "?"]
[Site "Chigorin Memorial Open"]
[Date "2000.??.??"]
[Round "?"]
[White "Berelovich, Aleksandar"]
[Black "Salinnikov, Denis Y"]
[Result "1/2-1/2"]
[WhiteElo "2515"]
[BlackElo "2390"]

1. e4 c5 2. Nf3 e6 3. d4 cxd4 4. Nxd4 Qb6 5. Nc3 Bc5 6. Na4 Qa5+ 7. c3 Bxd4
8. Qxd4 Nf6 9. Nc5 Nc6 10. Qe3 b6 11. Nb3 Qa4 12. f3 Ba6 13. Bxa6 Qxa6 14.
Qe2 Qxe2+ 15. Kxe2 d5 16. exd5 Nxd5 17. Rd1 O-O-O 18. Nd4 Nxd4+ 19. Rxd4 e5
20. Rd3 f6 21. Bd2 Ne7 22. Rxd8+ Rxd8 23. g4 Kd7 24. a4 Kc6 25. h4 Rd7 26.
h5 Nd5 27. Rg1 Re7 28. Re1 Nc7 29. Kd3 Rd7+ 30. Kc2 Ne6 31. Be3 Nc5 32. b3
Ne6 33. Rg1 Rf7 34. Kd3 f5 35. gxf5 Rxf5 36. h6 gxh6 37. Ke4 Rh5 38. Rg8
Ng5+ 39. Bxg5 hxg5 40. b4 Rh4+ 41. Kxe5 Rf4 42. Rg7 a6 43. b5+ axb5 44.
axb5+ Kxb5 45. Rxg5 Rc4 46. f4 Rxc3 47. f5 Ka4 48. Rg4+ Ka3 49. f6 Rc8 50.
Rg3+ Ka2 51. Rg7 Rb8 52. Ra7+ Kb3 53. f7 Rf8 54. Rb7 Kc4 55. Rc7+ Kd3 56.
Rd7+ Kc3 57. Rc7+ Kd3 58. Kd5 h5 59. Ke6 b5 60. Rc5 b4 1/2-1/2

[Event "Open"]
[Site "Verona ITA"]
[Date "2007.01.06"]
[Round "5"]
[White "Rahal, Michael"]
[Black "Sikula, Vaszilij"]
[Result "1/2-1/2"]
[WhiteElo "2390"]
[BlackElo "2515"]

1. e4 c5 2. Nf3 e6 3. d4 cxd4 4. Nxd4 a6 5. Bd3 Bc5 6. Nb3 Be7 7. O-O d6 8.
c4 Nf6 9. Nc3 b6 10. f4 Nbd7 11. Qf3 Bb7 12. Be3 Qc7 13. Qh3 h6 14. Rad1
O-O 15. Qg3 Kh8 16. Bb1 Rac8 17. e5 dxe5 18. f5 Nh5 19. Qh3 Ndf6 20. fxe6
Qxc4 21. exf7 Nf4 22. Bxf4 exf4 1/2-1/2

[Event "?"]
[Site "TCh-BEL 2004-5 ;The Week in Ch"]
[Date "2005.??.??"]
[Round "11"]
[White "Jens, Jelmer"]
[Black "Horvath, Csaba"]
[Result "1-0"]
[WhiteElo "2355"]
[BlackElo "2545"]

1. e4 c5 2. Nf3 e6 3. d4 cxd4 4. Nxd4 a6 5. Bd3 Bc5 6. Nb3 Be7 7. c4 d6 8.
Nc3 Nf6 9. O-O b6 10. f4 Nbd7 11. Qe2 Bb7 12. Bd2 O-O 13. Rf3 e5 14. Nd5
exf4 15. Nxe7+ Qxe7 16. Rxf4 Ne5 17. Re1 Rae8 18. Bc3 Nfd7 19. Nd4 Nxd3 20.
Qxd3 Qg5 21. Qf1 g6 22. Re3 f6 23. Nf5 gxf5 24. Rg3 Bxe4 25. Rxg5+ fxg5 26.
Rf2 f4 27. c5 bxc5 28. Qxa6 Re6 29. Re2 Rfe8 30. Qb5 Nf8 31. Qc4 Bd3 32.
Rxe6 Bxc4 33. Rxe8 Bxa2 34. Ra8 Bc4 35. Bf6 Kf7 36. Bxg5 Ne6 37. Bh4 Nd4
38. Ra7+ Kg6 39. Rd7 d5 40. Be7 Ne6 41. Rb7 Kf5 42. Bd6 h5 43. Rh7 Kg6 44.
Ra7 Bb3 45. Ra5 c4 46. Bb4 d4 47. Bd2 h4 48. h3 Bd1 49. Kf2 Kf6 50. Rb5 Kg6
51. Rb4 Bb3 52. Kf3 Kf5 53. Rb5+ Kf6 54. Ra5 Bd1+ 55. Ke4 Bc2+ 56. Kd5 Bb3
57. Kd6 Bc2 58. Be1 Ng7 59. Bxh4+ Kg6 1-0

[Event "?"]
[Site "3rd All-China Games, Suzhou CHN"]
[Date "2006.??.??"]
[Round "6"]
[White "Lin Chen"]
[Black "Yu Shaoteng"]
[Result "0-1"]
[WhiteElo "2360"]
[BlackElo "2540"]

1. e4 c5 2. Nf3 e6 3. d4 cxd4 4. Nxd4 a6 5. Bd3 Bc5 6. Nb3 Be7 7. Be3 d6 8.
f4 Qc7 9. Qf3 Nf6 10. g4 Nc6 11. g5 Nd7 12. N1d2 Nb4 13. a3 Nxd3+ 14. cxd3
Nc5 15. Bd4 Nxb3 16. Nxb3 e5 17. Rc1 Qd8 18. fxe5 Bxg5 19. Rc3 Bh4+ 20. Ke2
dxe5 21. Bxe5 Qg5 22. Bf4 Qg6 23. h3 O-O 24. Be3 f5 25. Rg1 fxe4 26. Qxf8+
Kxf8 27. Rxg6 exd3+ 28. Rxd3 hxg6 29. Bc5+ Kf7 30. Rf3+ Bf6 31. Na5 b5 32.
b4 Bf5 33. Nb7 Re8+ 34. Kf1 Rh8 35. Nd6+ Ke6 36. Kg2 Be5 37. Nxf5 gxf5 38.
a4 Rd8 39. axb5 axb5 40. Ra3 Rd2+ 41. Kf1 Kd5 42. Ra5 Kc4 43. Ra7 Rh2 44.
Re7 Bc3 45. Rf7 g6 46. Rh7 Bxb4 47. Bf2 Bc5 0-1

[Event "?"]
[Site "Ch Open Tel Aviv ISR"]
[Date "2001.??.??"]
[Round "?"]
[White "Bar, Roman"]
[Black "Gruenfeld, Yehuda"]
[Result "0-1"]
[WhiteElo "2380"]
[BlackElo "2520"]

1. e4 c5 2. Nf3 e6 3. d4 cxd4 4. Nxd4 a6 5. Bd3 Bc5 6. Nb3 Be7 7. O-O d6 8.
c4 Nf6 9. Nc3 Nbd7 10. Be3 Qc7 11. f4 b6 12. Rc1 Bb7 13. Qe2 O-O 14. g4 g6
15. g5 Nh5 16. f5 exf5 17. exf5 Rfe8 18. Qd2 Qd8 19. Be2 Bf8 20. Bxh5 gxh5
21. Nd5 Re4 22. Bf4 Rc8 23. Qd3 Qe8 24. Nd2 Bxd5 25. Qxd5 Re2 26. Nf3 Rc5
27. Qd3 Qe4 28. Qxe4 Rxe4 29. Nd2 Re2 30. f6 Rf5 31. Rcd1 h4 32. Nb3 Rxb2
33. Nd4 Rc5 34. Bc1 Rxa2 35. Nf5 Rxc4 36. Ne7+ Bxe7 37. fxe7 Rg4+ 38. Kh1
Re4 39. g6 Rxe7 40. Bg5 f6 41. gxh7+ Kxh7 42. Bxh4 Ree2 43. Bg3 Nc5 44.
Rxf6 Ne4 45. Rf7+ Kg6 46. Rd7 Kf5 47. Kg1 Rg2+ 48. Kh1 Rxg3 0-1

[Event "?"]
[Site "White Nights op1"]
[Date "2002.??.??"]
[Round "?"]
[White "Klimov, Sergey"]
[Black "Kuporosov, Viktor"]
[Result "1/2-1/2"]
[WhiteElo "2430"]
[BlackElo "2470"]

1. e4 c5 2. Nf3 e6 3. d4 cxd4 4. Nxd4 a6 5. Bd3 Bc5 6. Nb3 Be7 7. Qg4 g6 8.
Nc3 d6 9. Qg3 Nd7 10. O-O Qc7 11. Be3 b6 12. f4 Ngf6 13. Rae1 Bb7 14. Bd4
Rc8 15. e5 Nh5 16. Qe3 O-O 17. g4 Ng7 18. Be4 dxe5 19. fxe5 Bxe4 20. Qxe4
b5 21. Qf4 f5 22. exf6 Qxf4 23. Rxf4 Bxf6 24. Bxf6 Rxf6 25. Rd4 Nb8 26. Ne4
Rff8 27. c3 Nc6 28. Rd6 Ne5 29. Nf6+ Rxf6 30. Rxe5 Rcf8 31. Re2 h5 32. Rxa6
hxg4 33. Nd4 Nh5 34. Nxb5 1/2-1/2

[Event "?"]
[Site "Serbie & Montenegro (championn"]
[Date "2003.??.??"]
[Round "?"]
[White "Novoselski, Zoran"]
[Black "Kovacevic, Aleksandar"]
[Result "0-1"]
[WhiteElo "2365"]
[BlackElo "2535"]

1. e4 c5 2. Nf3 e6 3. d4 cxd4 4. Nxd4 a6 5. Bd3 Bc5 6. Nb3 Be7 7. f4 d6 8.
Qf3 Nf6 9. Be3 Qc7 10. N1d2 Nbd7 11. g4 h6 12. Qh3 g6 13. g5 Nh5 14. gxh6
d5 15. f5 exf5 16. exf5 Nf4 17. Bxf4 Qxf4 18. fxg6 Nc5 19. g7 Qe5+ 20. Kd1
Bxh3 21. Re1 Qh5+ 22. Re2 O-O-O 23. gxh8=Q Rxh8 0-1

[Event "?"]
[Site "Open 7th Nova Gorica SLO"]
[Date "2002.??.??"]
[Round "?"]
[White "Borisek, Jure"]
[Black "Korneev, Oleg"]
[Result "0-1"]
[WhiteElo "2335"]
[BlackElo "2565"]

1. e4 c5 2. Nf3 e6 3. d4 cxd4 4. Nxd4 a6 5. Bd3 Bc5 6. Nb3 Be7 7. Qg4 g6 8.
O-O d6 9. Qe2 Nd7 10. f4 Qc7 11. Nc3 Ngf6 12. Bd2 b6 13. Rae1 Bb7 14. e5
Nh5 15. exd6 Bxd6 16. Ne4 O-O 17. Qf2 Bxe4 18. Bxe4 Rad8 19. Bd3 e5 20. g3
exf4 21. gxf4 Rfe8 22. Rxe8+ Rxe8 23. Qd4 Nc5 24. Bc3 f6 25. Bd2 Kg7 26.
Qc4 b5 27. Qd5 Nxb3 28. cxb3 Bxf4 29. Bxf4 Nxf4 30. Qf3 Qb6+ 31. Kh1 Nxd3
32. Qxd3 Qc6+ 33. Kg1 Re5 34. h4 Re4 35. Qg3 Qe6 36. Kh1 Qd5 37. Qc7+ Kh6
38. Qc1+ Kh5 0-1

[Event "?"]
[Site "Winter Cup, Bucharest ROM"]
[Date "2006.??.??"]
[Round "13"]
[White "Lupulescu, Constantin"]
[Black "Chirila, I"]
[Result "1-0"]
[WhiteElo "2525"]
[BlackElo "2375"]

1. e4 c5 2. Nf3 e6 3. d4 cxd4 4. Nxd4 a6 5. Bd3 Bc5 6. Nb3 Be7 7. Qg4 g6 8.
Qe2 d6 9. O-O Nd7 10. Na3 Qc7 11. Nc4 b6 12. a4 Bb7 13. Be3 Ngf6 14. a5
bxa5 15. Bf4 Ne5 16. Nxe5 dxe5 17. Bh6 Nd7 18. Nxa5 Bc8 19. Nb3 g5 20. h4
gxh4 21. Qf3 Rg8 22. Be3 Qc6 23. Ra2 Nf6 24. Rfa1 h5 25. Bd2 Rg4 26. Ra4 h3
27. Qxh3 Nxe4 28. Rxe4 Rxe4 29. Qf3 f5 30. Na5 Qc5 31. Bxe4 fxe4 32. Qxh5+
Kd7 33. Be3 Qb5 34. Qf7 Qb4 35. c3 Qd6 36. Nc4 1-0

[Event "?"]
[Site "Open 5th Bad Zwesten GER"]
[Date "2001.??.??"]
[Round "?"]
[White "Kummerow, Heiko"]
[Black "Epishin, Vladimir V"]
[Result "0-1"]
[WhiteElo "2320"]
[BlackElo "2575"]

1. e4 c5 2. Nf3 e6 3. d4 cxd4 4. Nxd4 a6 5. Bd3 Bc5 6. Nb3 Be7 7. Qg4 g6 8.
O-O d6 9. Nc3 Nd7 10. f4 Ngf6 11. Qe2 O-O 12. e5 Nh5 13. exd6 Bxd6 14. Ne4
Be7 15. Bd2 Ndf6 16. Ng5 Ng7 17. Rad1 Bd7 18. Nf3 Qc7 19. Ne5 Bb5 20. c4
Ba4 21. Ba5 b6 22. Bc3 b5 23. cxb5 axb5 24. Kh1 b4 25. Bd4 Rfd8 26. Rc1 Qb8
27. Bc5 Bd6 28. Bxd6 Rxd6 29. Nc5 Be8 30. Bc4 Qb6 31. Ne4 Nxe4 32. Qxe4
Rad8 33. Bb3 Rd2 34. Qf3 Bb5 35. Bc4 Be8 36. Bb3 Qb8 37. Rfd1 Nf5 38. Rxd2
Rxd2 39. Nc4 Nh4 40. Qh3 Rxg2 41. Qxh4 Bc6 0-1

[Event "?"]
[Site "Ch Altenkirchen"]
[Date "2001.??.??"]
[Round "?"]
[White "Grafl, Florian"]
[Black "Wahls, Matthias"]
[Result "0-1"]
[WhiteElo "2315"]
[BlackElo "2580"]

1. e4 c5 2. Nf3 e6 3. d4 cxd4 4. Nxd4 a6 5. Bd3 Bc5 6. Nb3 Be7 7. c4 d6 8.
Nc3 Nf6 9. O-O Qc7 10. f4 Nbd7 11. Qf3 b6 12. Be3 Bb7 13. Rac1 g6 14. Bd4
O-O 15. Nd2 Rac8 16. g4 e5 17. Be3 exf4 18. Bxf4 Ne5 19. Bxe5 Qc5+ 20. Kh1
Qxe5 21. Qg2 Qg5 22. h3 h5 23. Nf3 Qe3 24. Rcd1 hxg4 25. hxg4 Kg7 26. Nh2
Rh8 27. Rf3 Qg5 28. Rg3 Rh7 29. Kg1 Rch8 30. Nf3 Qf4 31. Ne2 Qe3+ 32. Kf1
Bxe4 0-1